[Event "Oberliga Baden 2223"]
[Site "Germany"]
[Date "2023.01.15"]
[Round "5.7"]
[White "Guenthner, Oliver"]
[Black "Kountz, Jochen"]
[Result "1/2-1/2"]
[WhiteElo "2134"]
[BlackElo "2284"]
[PlyCount "22"]
[EventDate "2022.09.18"]
[EventType "team-tourn"]
[EventRounds "9"]
[EventCountry "GER"]
[SourceTitle "EXT 2024"]
[Source "ChessBase"]
[SourceDate "2023.10.10"]
[SourceVersion "1"]
[SourceVersionDate "2023.10.10"]
[SourceQuality "1"]
[WhiteTeam "Hockenheim"]
[BlackTeam "Untergrombach"]
[WhiteTeamCountry "GER"]
[BlackTeamCountry "GER"]

1. e4 e5 2. Nf3 Nc6 3. Bb5 a6 4. Ba4 Nf6 5. d3 Bc5 6. 0-0 d6 7. c3 b5 8. Bc2 Bg4 9. h3 Bh5 10. Qe2 0-0 11. Be3 Bxe3 1/2-1/2

[Event "Oberliga Baden 2223"]
[Site "Germany"]
[Date "2022.10.23"]
[Round "3.5"]
[White "Aizpurua, Patrick Emilio"]
[Black "Kountz, Jochen"]
[Result "1-0"]
[WhiteElo "2310"]
[BlackElo "2284"]
[PlyCount "59"]
[EventDate "2022.09.18"]
[EventType "team-tourn"]
[EventRounds "9"]
[EventCountry "GER"]
[SourceTitle "EXT 2024"]
[Source "ChessBase"]
[SourceDate "2023.10.10"]
[SourceVersion "1"]
[SourceVersionDate "2023.10.10"]
[SourceQuality "1"]
[WhiteTeam "Viernheim II"]
[BlackTeam "Untergrombach"]
[WhiteTeamCountry "GER"]
[BlackTeamCountry "GER"]

1. d4 Nf6 2. c4 c5 3. d5 g6 4. Nc3 Bg7 5. e4 d6 6. Be2 0-0 7. h3 e6 8. Nf3 exd5 9. cxd5 Re8 10. Nd2 Nbd7 11. Qc2 a6 12. a4 Rb8 13. 0-0 h5 14. f4 Ng4 15. Nf3 Bd4+ 16. Nxd4 cxd4 17. hxg4 hxg4 18. Nb1 Qh4 19. Nd2 Nf6 20. Qd3 Kg7 21. g3 Qh3 22. Rf2 Rh8 23. Rg2 Bf5 24. Qxd4 Rbc8 25. e5 Nd7 26. Nc4 b5 27. axb5 axb5 28. e6+ Nf6 29. Bd2 fxe6 30. Ra7+ 1-0

[Event "Oberliga Baden 1920"]
[Site "Baden"]
[Date "2019.10.20"]
[Round "2.6"]
[White "Kountz, Jochen"]
[Black "Zimmer, Raphael"]
[Result "1-0"]
[WhiteElo "2334"]
[BlackElo "2133"]
[PlyCount "67"]
[EventDate "2019.09.29"]
[EventType "team-tourn"]
[EventRounds "9"]
[EventCountry "GER"]
[SourceTitle "CBM 195 Extra"]
[Source "ChessBase"]
[SourceDate "2020.05.31"]
[SourceVersion "1"]
[SourceVersionDate "2020.05.31"]
[SourceQuality "1"]
[WhiteTeam "Untergrombach"]
[BlackTeam "Sasbach"]
[WhiteTeamCountry "GER"]
[BlackTeamCountry "GER"]

1. e4 e5 2. Nf3 Nc6 3. Bc4 Bc5 4. c3 Nf6 5. d4 exd4 6. 0-0 d5 7. exd5 Nxd5 8. cxd4 Bb6 9. Bg5 f6 10. Re1+ Nce7 11. Bd2 c6 12. Qe2 Kf7 13. Bb4 Ng6 14. Nc3 Qd7 15. Ne4 Rd8 16. Nfg5+ fxg5 17. Nxg5+ Kg8 18. Qh5 h6 19. Qxg6 hxg5 20. Re7 Bxd4 21. Qf7+ Kh8 22. Qh5+ Kg8 23. Qf7+ Kh8 24. Rxd7 Bxd7 25. Bxd5 cxd5 26. Rd1 Bxb2 27. h4 Be8 28. Qf8+ Kh7 29. Be7 Rdc8 30. Qf5+ Bg6 31. Qxd5 gxh4 32. Qxb7 Be5 33. Qd5 Bc7 34. Rd4 1-0

[Event "Oberliga Baden 1920"]
[Site "Baden"]
[Date "2019.09.29"]
[Round "1.5"]
[White "Kountz, Jochen"]
[Black "Weidemann, Joerg"]
[Result "0-1"]
[WhiteElo "2334"]
[BlackElo "2277"]
[PlyCount "80"]
[EventDate "2019.09.29"]
[EventType "team-tourn"]
[EventRounds "9"]
[EventCountry "GER"]
[SourceTitle "CBM 195 Extra"]
[Source "ChessBase"]
[SourceDate "2020.05.31"]
[SourceVersion "1"]
[SourceVersionDate "2020.05.31"]
[SourceQuality "1"]
[WhiteTeam "Untergrombach"]
[BlackTeam "Emmendingen II"]
[WhiteTeamCountry "GER"]
[BlackTeamCountry "GER"]

1. e4 e6 2. d4 d5 3. Nc3 Nf6 4. e5 Nfd7 5. f4 c5 6. Nf3 Nc6 7. Be3 Be7 8. Qd2 a6 9. dxc5 Nxc5 10. Qf2 Qa5 11. Bd3 Na4 12. 0-0 Nxb2 13. Ne2 g6 14. Ned4 Qc7 15. Rab1 Na4 16. Nxc6 Qxc6 17. Nd4 Qc7 18. g4 Bd7 19. f5 gxf5 20. gxf5 0-0-0 21. Kh1 Bc5 22. Rb3 Qxe5 23. c3 Qd6 24. Rfb1 b5 25. Nxb5 axb5 26. Bxb5 d4 27. Bxd7+ Rxd7 28. cxd4 Qd5+ 29. Qg2 Qxg2+ 30. Kxg2 Rg8+ 31. Kf3 Bd6 32. Bf4 Bxf4 33. Kxf4 Rxd4+ 34. Ke5 Rd5+ 35. Kf6 Rxf5+ 36. Ke7 Kc7 37. Rb7+ Kc6 38. Ra7 Nc5 39. a4 Rc8 40. a5 Rc7+ 0-1

[Event "Oberliga Baden 1819"]
[Site "Baden"]
[Date "2019.03.24"]
[Round "8.5"]
[White "Kountz, Jochen"]
[Black "Viennot, Dylan"]
[Result "0-1"]
[WhiteElo "2335"]
[BlackElo "2325"]
[PlyCount "96"]
[EventDate "2018.10.21"]
[EventType "team-tourn"]
[EventRounds "9"]
[EventCountry "GER"]
[SourceTitle "EXT 2020"]
[Source "ChessBase"]
[SourceDate "2019.10.17"]
[SourceVersion "1"]
[SourceVersionDate "2019.10.17"]
[SourceQuality "1"]
[WhiteTeam "Untergrombach"]
[BlackTeam "Dreilaendereck"]
[WhiteTeamCountry "GER"]
[BlackTeamCountry "GER"]

1. e4 e6 2. d4 d5 3. Nc3 Bb4 4. e5 Qd7 5. a3 Bxc3+ 6. bxc3 b6 7. Qg4 f5 8. Qg3 Nc6 9. h4 Bb7 10. Nh3 0-0-0 11. Nf4 Na5 12. a4 Kb8 13. Ba3 Nc4 14. Bxc4 dxc4 15. a5 Nh6 16. axb6 axb6 17. 0-0 Rhg8 18. h5 g5 19. hxg6 hxg6 20. Qg5 Nf7 21. Qf6 Rde8 22. Rfd1 g5 23. Ng6 g4 24. d5 Bxd5 25. Rxd5 exd5 26. Ne7 Rxe7 27. Bxe7 Ng5 28. Re1 Ne4 29. Qh4 Re8 30. Bf6 Qf7 31. Rd1 Nxc3 32. Re1 Ne4 33. Rd1 Nxf6 34. exf6 Rf8 35. Kf1 Qxf6 36. Qxf6 Rxf6 37. Rxd5 Kb7 38. Ke2 Kc6 39. Rd8 Re6+ 40. Kf1 Kb5 41. Rd5+ Kb4 42. Rxf5 Kc3 43. Rf4 Rg6 44. Ke2 b5 45. Kd1 Rd6+ 46. Kc1 Rd2 47. g3 Rxc2+ 48. Kb1 Kb3 0-1

[Event "Oberliga Baden 1819"]
[Site "Baden"]
[Date "2019.02.24"]
[Round "7.5"]
[White "Mensch, Etienne"]
[Black "Kountz, Jochen"]
[Result "1/2-1/2"]
[WhiteElo "2263"]
[BlackElo "2335"]
[PlyCount "40"]
[EventDate "2018.10.21"]
[EventType "team-tourn"]
[EventRounds "9"]
[EventCountry "GER"]
[SourceTitle "EXT 2020"]
[Source "ChessBase"]
[SourceDate "2019.10.17"]
[SourceVersion "1"]
[SourceVersionDate "2019.10.17"]
[SourceQuality "1"]
[WhiteTeam "Buchen"]
[BlackTeam "Untergrombach"]
[WhiteTeamCountry "GER"]
[BlackTeamCountry "GER"]

1. d4 c5 2. d5 g6 3. e4 Bg7 4. a4 d6 5. Be2 Nf6 6. Nc3 0-0 7. Nf3 Na6 8. Nd2 Nc7 9. Nc4 b6 10. 0-0 Rb8 11. Bf4 Nd7 12. Qd2 Ba6 13. Bh6 Bxc4 14. Bxc4 a6 15. Bxg7 Kxg7 16. Be2 b5 17. axb5 axb5 18. Nd1 Ra8 19. Ne3 Nf6 20. f3 Qd7 1/2-1/2

[Event "Oberliga Baden 1819"]
[Site "Baden"]
[Date "2018.11.11"]
[Round "2.6"]
[White "Kountz, Jochen"]
[Black "Muetsch, Annmarie"]
[Result "0-1"]
[WhiteElo "2335"]
[BlackElo "2206"]
[PlyCount "54"]
[EventDate "2018.10.21"]
[EventType "team-tourn"]
[EventRounds "9"]
[EventCountry "GER"]
[SourceTitle "EXT 2020"]
[Source "ChessBase"]
[SourceDate "2019.10.17"]
[SourceVersion "1"]
[SourceVersionDate "2019.10.17"]
[SourceQuality "1"]
[WhiteTeam "Untergrombach"]
[BlackTeam "Viernheim II"]
[WhiteTeamCountry "GER"]
[BlackTeamCountry "GER"]

1. e4 c5 2. Nf3 e6 3. Nc3 Nc6 4. d4 cxd4 5. Nxd4 Qc7 6. Be2 a6 7. 0-0 Nf6 8. Kh1 Nxd4 9. Qxd4 Bc5 10. Qd3 h5 11. f4 d6 12. Be3 Bd7 13. Bxc5 Qxc5 14. Rad1 Bc6 15. Qxd6 Qxd6 16. Rxd6 Bxe4 17. Nxe4 Nxe4 18. Rd4 Nf6 19. Bf3 Rb8 20. c4 b6 21. f5 exf5 22. Bc6+ Ke7 23. Rxf5 Rhd8 24. Re5+ Kf8 25. Rxd8+ Rxd8 26. Bd5 Nxd5 27. cxd5 Re8 0-1

[Event "BL2-Sued 1516"]
[Site "Germany"]
[Date "2015.09.20"]
[Round "1.7"]
[White "Kountz, Jochen"]
[Black "Fiderer, Lukas"]
[Result "1-0"]
[WhiteElo "2340"]
[BlackElo "2288"]
[PlyCount "77"]
[EventDate "2015.09.20"]
[EventType "team-tourn"]
[EventRounds "9"]
[EventCountry "GER"]
[SourceTitle "EXT 2017"]
[Source "ChessBase"]
[SourceDate "2016.10.25"]
[SourceVersion "1"]
[SourceVersionDate "2016.10.25"]
[SourceQuality "1"]
[WhiteTeam "Untergrombach"]
[BlackTeam "Baden-Baden II"]
[WhiteTeamCountry "GER"]
[BlackTeamCountry "GER"]

1. e4 c5 2. Nf3 d6 3. d4 cxd4 4. Nxd4 Nf6 5. Nc3 Nc6 6. Bc4 Bd7 7. Bb3 g6 8. h3 Nxd4 9. Qxd4 Bg7 10. Bg5 0-0 11. 0-0 h6 12. Bh4 b5 13. Qe3 b4 14. Ne2 Qb6 15. Qxb6 axb6 16. f3 Bb5 17. Rfe1 Rfc8 18. Bf2 Nd7 19. Bd4 Bc4 20. Bxg7 Kxg7 21. Bxc4 Rxc4 22. c3 Ne5 23. Red1 Rc7 24. Rd4 Nc6 25. Rd2 Rca7 26. cxb4 Rxa2 27. Rxa2 Rxa2 28. b5 Na5 29. Nc3 Ra1+ 30. Rd1 Rxd1+ 31. Nxd1 Kf6 32. Ne3 Ke5 33. b4 Nb3 34. Nc4+ Kd4 35. Nxb6 Kc3 36. Nd5+ Kc4 37. b6 Nd4 38. Nxe7 Kxb4 39. b7 1-0

[Event "BL2-Sued 1112"]
[Site "Germany"]
[Date "2012.02.05"]
[Round "6.6"]
[White "Kountz, Jochen"]
[Black "Miltner, Arndt"]
[Result "1-0"]
[WhiteElo "2351"]
[BlackElo "2320"]
[PlyCount "53"]
[EventDate "2011.10.02"]
[EventType "team-tourn"]
[EventRounds "9"]
[EventCountry "GER"]
[SourceTitle "EXT 2015"]
[Source "ChessBase"]
[SourceDate "2014.11.20"]
[SourceVersion "1"]
[SourceVersionDate "2014.11.20"]
[SourceQuality "1"]
[WhiteTeam "Untergrombach"]
[BlackTeam "Buchen"]
[WhiteTeamCountry "GER"]
[BlackTeamCountry "GER"]

1. e4 d5 2. exd5 Qxd5 3. Nc3 Qd6 4. d4 Nf6 5. Nf3 c6 6. Ne5 Nbd7 7. Nc4 Qc7 8. Qf3 Nb6 9. Bf4 Qd7 10. Be5 Qg4 11. Qe3 Nxc4 12. Bxc4 Qxg2 13. 0-0-0 Qh3 14. Qe1 Be6 15. d5 Nxd5 16. Nxd5 Bxd5 17. Rxd5 cxd5 18. Bb5+ Kd8 19. Qa5+ b6 20. Qa4 Qc8 21. Ba6 Qd7 22. Bb5 Qf5 23. f4 Rc8 24. Rd1 e6 25. Rd3 Bc5 26. Qxa7 Be3+ 27. Kb1 1-0

[Event "BL2-Sued 1112"]
[Site "Germany"]
[Date "2011.11.21"]
[Round "3.5"]
[White "Braun, Georg"]
[Black "Kountz, Jochen"]
[Result "1-0"]
[WhiteElo "2127"]
[BlackElo "2351"]
[PlyCount "127"]
[EventDate "2011.10.02"]
[EventType "team-tourn"]
[EventRounds "9"]
[EventCountry "GER"]
[SourceTitle "EXT 2015"]
[Source "ChessBase"]
[SourceDate "2014.11.20"]
[SourceVersion "1"]
[SourceVersionDate "2014.11.20"]
[SourceQuality "1"]
[WhiteTeam "Bebenhausen"]
[BlackTeam "Untergrombach"]
[WhiteTeamCountry "GER"]
[BlackTeamCountry "GER"]

1. e4 c5 2. Nf3 g6 3. d4 Bg7 4. dxc5 Qa5+ 5. c3 Qxc5 6. Na3 Qa5 7. Nc4 Qc7 8. Ne3 Nc6 9. Nd5 Qb8 10. Bg5 Nf6 11. Nxf6+ exf6 12. Bh4 0-0 13. Bg3 Ne5 14. Be2 b6 15. Nd4 a6 16. 0-0 Bb7 17. f4 Nc6 18. Nc2 Re8 19. Bf3 Na5 20. Qd3 Qc8 21. Ne3 b5 22. Rad1 Nc4 23. Nxc4 bxc4 24. Qxd7 Bxe4 25. Bxe4 Rxe4 26. Qd5 f5 27. Rfe1 Qe8 28. Bf2 Bf6 29. Rxe4 Qxe4 30. Qxe4 fxe4 31. Rd6 Kg7 32. Bd4 Bxd4+ 33. Rxd4 Rb8 34. Rxe4 Rxb2 35. a4 h5 36. Rxc4 Ra2 37. h4 Kf6 38. Kh2 Kf5 39. Kg3 Rd2 40. Rc5+ Ke4 41. Re5+ Kd3 42. Rc5 Ke4 43. Re5+ Kd3 44. Re7 Kxc3 45. Rxf7 Rd3+ 46. Kf2 Rd4 47. a5 Kb4 48. Rf6 Kxa5 49. Ke3 Rd8 50. Rxg6 Rh8 51. f5 Kb5 52. f6 a5 53. f7 Rf8 54. Rf6 Kc4 55. Ke4 a4 56. Ke5 a3 57. Ke6 a2 58. Rf1 Rb8 59. Rc1+ Kb3 60. Ke7 Kb2 61. Re1 Rb7+ 62. Kf6 Rb6+ 63. Kg7 Rb7 64. Kg8 1-0

[Event "BL2-Sued 1112"]
[Site "Germany"]
[Date "2011.10.23"]
[Round "2.5"]
[White "Kountz, Jochen"]
[Black "Gohil, Harry"]
[Result "1/2-1/2"]
[WhiteElo "2351"]
[BlackElo "2322"]
[PlyCount "93"]
[EventDate "2011.10.02"]
[EventType "team-tourn"]
[EventRounds "9"]
[EventCountry "GER"]
[SourceTitle "EXT 2015"]
[Source "ChessBase"]
[SourceDate "2014.11.20"]
[SourceVersion "1"]
[SourceVersionDate "2014.11.20"]
[SourceQuality "1"]
[WhiteTeam "Untergrombach"]
[BlackTeam "Schott Mainz"]
[WhiteTeamCountry "GER"]
[BlackTeamCountry "GER"]

1. e4 c5 2. Nc3 Nc6 3. Nge2 e5 4. Nd5 Nge7 5. Nec3 Nxd5 6. Nxd5 g6 7. Bc4 Bg7 8. d3 0-0 9. 0-0 d6 10. a4 Kh8 11. c3 f5 12. b4 f4 13. f3 h5 14. a5 cxb4 15. cxb4 g5 16. Bd2 Bd7 17. Bc3 Rc8 18. b5 Ne7 19. Bb4 Nxd5 20. Bxd5 Bxb5 21. Bxb7 Rb8 22. a6 Bc6 23. Ba5 Qd7 24. Bxc6 Qxc6 25. Qa4 Rfc8 26. Bd2 Qxa4 27. Rxa4 Rb3 28. Rc4 Rxc4 29. dxc4 Ra3 30. Bb4 Rxa6 31. c5 Ra4 32. Rb1 dxc5 33. Bxc5 g4 34. Rb8+ Kh7 35. Rb7 g3 36. hxg3 fxg3 37. Kf1 Kg6 38. Rxa7 Rc4 39. Be3 Rc3 40. Ra6+ Bf6 41. Ke2 Rc2+ 42. Bd2 Kf7 43. Ra7+ Ke6 44. Ra6+ Ke7 45. Ra7+ Ke6 46. Ra6+ Kf7 47. Ra7+ 1/2-1/2

[Event "BL2-Sued 1112"]
[Site "Germany"]
[Date "2011.10.02"]
[Round "1.3"]
[White "Kovacs, Gabor H"]
[Black "Kountz, Jochen"]
[Result "1/2-1/2"]
[WhiteElo "2498"]
[BlackElo "2351"]
[PlyCount "68"]
[EventDate "2011.10.02"]
[EventType "team-tourn"]
[EventRounds "9"]
[EventCountry "GER"]
[SourceTitle "EXT 2015"]
[Source "ChessBase"]
[SourceDate "2014.11.20"]
[SourceVersion "1"]
[SourceVersionDate "2014.11.20"]
[SourceQuality "1"]
[WhiteTeam "Schwegenheim"]
[BlackTeam "Untergrombach"]
[WhiteTeamCountry "GER"]
[BlackTeamCountry "GER"]

1. d4 Nf6 2. c4 c5 3. Nf3 cxd4 4. Nxd4 Nc6 5. Nc3 g6 6. g3 d6 7. Bg2 Bd7 8. c5 dxc5 9. Nxc6 Bxc6 10. Bxc6+ bxc6 11. Qa4 Qb6 12. Be3 Bg7 13. 0-0 0-0 14. Qa3 Nd7 15. Rad1 Bd4 16. Na4 Qa6 17. Bxd4 cxd4 18. Rxd4 Nb6 19. e3 e5 20. Rh4 Rfd8 21. Qb4 Qb5 22. b3 Nxa4 23. Qxa4 Rd2 24. Rc4 a5 25. Qa3 Rad8 26. Qe7 Qd5 27. e4 Qd6 28. Qxd6 R8xd6 29. Ra4 R6d4 30. Rxa5 Rxe4 31. a3 Ra2 32. b4 Rc4 33. Rxe5 Rxa3 34. b5 cxb5 1/2-1/2

[Event "BL2-Sued 1011"]
[Site "Germany"]
[Date "2011.02.27"]
[Round "7.5"]
[White "Horvath, Tamas"]
[Black "Kountz, Jochen"]
[Result "1-0"]
[WhiteElo "2414"]
[BlackElo "2348"]
[PlyCount "145"]
[EventDate "2010.10.10"]
[EventType "team-tourn"]
[EventRounds "9"]
[EventCountry "GER"]
[SourceTitle "EXT 2012"]
[Source "ChessBase"]
[SourceDate "2011.11.24"]
[SourceVersion "1"]
[SourceVersionDate "2011.11.24"]
[SourceQuality "1"]
[WhiteTeam "Schwegenheim"]
[BlackTeam "Untergrombach"]
[WhiteTeamCountry "GER"]
[BlackTeamCountry "GER"]

1. e4 c5 2. Nf3 g6 3. c4 Nc6 4. d4 cxd4 5. Nxd4 Bg7 6. Be3 Nf6 7. Nc3 0-0 8. Be2 b6 9. 0-0 Bb7 10. Ndb5 a6 11. Na3 d6 12. Qd2 Nd7 13. Rfd1 Nc5 14. f3 Rb8 15. Rac1 Ba8 16. Nc2 a5 17. Rb1 f5 18. exf5 gxf5 19. Nd5 a4 20. b4 axb3 21. axb3 e5 22. Bg5 Qd7 23. Ndb4 Ne6 24. Be3 Ncd4 25. Nxd4 Nxd4 26. Bxd4 exd4 27. Nc2 Rbe8 28. Bf1 Re6 29. Qf2 Rg6 30. Nxd4 f4 31. Bd3 Rg5 32. Be4 Be5 33. Bd5+ Bxd5 34. cxd5 Bxd4 35. Rxd4 Qb5 36. b4 Re8 37. Qh4 Rxd5 38. Qxf4 Rxd4 39. Qxd4 d5 40. Rd1 Rd8 41. Re1 Qc6 42. h4 Qc4 43. Qf6 Rf8 44. Qg5+ Kh8 45. Qe5+ Kg8 46. Qg3+ Kh8 47. Re7 Qd4+ 48. Kh2 Rg8 49. Qe5+ Qxe5+ 50. Rxe5 Rd8 51. Re3 Kg7 52. Re7+ Kg6 53. Kg3 Rd6 54. Kf2 h5 55. Ke3 Rc6 56. Kd3 Kf6 57. Rh7 Kg6 58. Rb7 Kf5 59. Rd7 Ke6 60. Rh7 Rc4 61. Rh6+ Ke7 62. Rxh5 Rxb4 63. Rxd5 Rxh4 64. Rb5 Rh6 65. g4 Kd7 66. g5 Rd6+ 67. Ke4 Kc6 68. Rb1 Rd2 69. f4 b5 70. Ke5 Rd5+ 71. Kf6 Rd6+ 72. Kg7 Rd7+ 73. Kh6 1-0

[Event "Baden CupT"]
[Site "Hockenheim"]
[Date "2010.07.18"]
[Round "2.2"]
[White "Kountz, Jochen"]
[Black "Schwing, Hans Elmar"]
[Result "1-0"]
[WhiteElo "2358"]
[BlackElo "2306"]
[PlyCount "111"]
[EventDate "2010.07.17"]
[EventType "team-match"]
[EventRounds "2"]
[EventCountry "GER"]
[SourceTitle "EXT 2011"]
[Source "ChessBase"]
[SourceDate "2010.11.26"]
[SourceVersion "1"]
[SourceVersionDate "2010.11.26"]
[SourceQuality "1"]
[WhiteTeam "Untergrombach"]
[BlackTeam "Dreisamtal"]
[WhiteTeamCountry "GER"]
[BlackTeamCountry "GER"]

1. e4 e6 2. d4 d5 3. Nc3 Bb4 4. e5 c5 5. a3 Bxc3+ 6. bxc3 Ne7 7. Qg4 0-0 8. Bd3 f5 9. exf6 Rxf6 10. Bg5 Rf7 11. Qh5 g6 12. Qd1 Nbc6 13. Nf3 Qa5 14. Bd2 Qc7 15. 0-0 e5 16. dxe5 Nxe5 17. Nxe5 Qxe5 18. Rb1 Qf6 19. c4 d4 20. Qc1 b6 21. Be4 Rb8 22. Bg5 Qd6 23. Bh4 Nf5 24. Bg5 Ng7 25. Qd2 Bb7 26. Rbe1 Bxe4 27. Rxe4 Re8 28. Rfe1 Rxe4 29. Rxe4 Qc6 30. Qe2 a6 31. Bh6 b5 32. Re7 Qf6 33. Rxf7 Kxf7 34. Bxg7 Kxg7 35. cxb5 axb5 36. Qxb5 d3 37. Qd7+ Kf8 38. Qxd3 Qa1+ 39. Qf1 Qxa3 40. g3 Qb4 41. Qd3 c4 42. Qe4 Qc5 43. c3 Kf7 44. Kg2 h5 45. h3 Qb5 46. g4 hxg4 47. hxg4 Qb3 48. Qe5 g5 49. Kf3 Qd1+ 50. Qe2 Qd5+ 51. Qe4 Qd1+ 52. Kg2 Qb3 53. Qe5 Kg6 54. Kg3 Kh6 55. Qf6+ Kh7 56. Qf7+ 1-0

[Event "GER CupT qual"]
[Site "Germany"]
[Date "2010.01.16"]
[Round "1"]
[White "Kountz, Jochen"]
[Black "Schroth, Georg"]
[Result "1-0"]
[WhiteElo "2358"]
[BlackElo "2067"]
[PlyCount "97"]
[EventDate "2010.01.16"]
[EventType "team-k.o."]
[EventRounds "1"]
[EventCountry "GER"]
[SourceTitle "CBM 134 Extra"]
[Source "ChessBase"]
[SourceDate "2010.03.03"]
[SourceVersion "1"]
[SourceVersionDate "2010.03.03"]
[SourceQuality "1"]

1. e4 e6 2. d4 d5 3. Nc3 Bb4 4. e5 c5 5. a3 Bxc3+ 6. bxc3 Ne7 7. Qg4 cxd4 8. Bd3 Qc7 9. Ne2 Nbc6 10. cxd4 Bd7 11. 0-0 g6 12. Bg5 Ng8 13. Rab1 Na5 14. Rb4 b6 15. Rc1 Rc8 16. Ba6 Nc4 17. a4 Rb8 18. Bxc4 dxc4 19. Nc3 Bc6 20. Rxc4 Qd7 21. Ne4 Bxe4 22. Qxe4 Ne7 23. Bxe7 Qxe7 24. Qc6+ Qd7 25. Kf1 Ke7 26. Qxd7+ Kxd7 27. Ke2 Rhc8 28. Rxc8 Rxc8 29. Kd3 f6 30. exf6 Rf8 31. c4 Rxf6 32. f3 Rf5 33. Rb1 h5 34. Rb5 Rf8 35. Rg5 Rf6 36. Ke4 Kd6 37. h3 a6 38. h4 Kd7 39. Ke5 Ke7 40. Ke4 Kd6 41. g3 Kd7 42. f4 Kd6 43. Kd3 Kd7 44. Kc3 Kc6 45. Re5 Kd6 46. a5 Kc6 47. Kb4 Kc7 48. Ka4 Kc6 49. Rxe6+ 1-0

[Event "BL2-Sued 0910"]
[Site "Germany"]
[Date "2009.11.03"]
[Round "2.3"]
[White "Labeckas, Kestutis"]
[Black "Kountz, Jochen"]
[Result "1-0"]
[WhiteElo "2403"]
[BlackElo "2358"]
[PlyCount "69"]
[EventDate "2009.10.18"]
[EventType "team-tourn"]
[EventRounds "9"]
[EventCountry "GER"]
[SourceTitle "EXT 2011"]
[Source "ChessBase"]
[SourceDate "2010.11.26"]
[SourceVersion "1"]
[SourceVersionDate "2010.11.26"]
[SourceQuality "1"]
[WhiteTeam "Schwegenheim"]
[BlackTeam "Untergrombach"]
[WhiteTeamCountry "GER"]
[BlackTeamCountry "GER"]

1. d4 Nf6 2. c4 c5 3. d5 g6 4. Nc3 Bg7 5. e4 d6 6. h3 0-0 7. Bd3 e6 8. Nf3 Na6 9. 0-0 Nc7 10. Bg5 h6 11. Be3 e5 12. Qd2 Kh7 13. Rab1 b6 14. a3 Ng8 15. g4 Ne7 16. Nh2 g5 17. Ne2 Ng6 18. Ng3 Nf4 19. Bxf4 gxf4 20. Nf5 a5 21. Nf3 Ne8 22. Kh2 Rg8 23. Rg1 Bf8 24. Qe2 Ra7 25. g5 f6 26. g6+ Rxg6 27. Rxg6 Kxg6 28. N3h4+ Kh7 29. Qh5 Qd7 30. Qg6+ Kh8 31. Rg1 Qf7 32. Be2 Bxf5 33. exf5 Bg7 34. Qxf7 Rxf7 35. Bh5 1-0

[Event "BL2-Sued 0809"]
[Site "Germany"]
[Date "2009.03.15"]
[Round "8.6"]
[White "Schulze, Ulrich"]
[Black "Kountz, Jochen"]
[Result "1/2-1/2"]
[WhiteElo "2320"]
[BlackElo "2370"]
[PlyCount "33"]
[EventDate "2008.10.05"]
[EventType "team-tourn"]
[EventRounds "9"]
[EventCountry "GER"]
[SourceTitle "CBM 129 Extra"]
[Source "ChessBase"]
[SourceDate "2009.05.05"]
[SourceVersion "2"]
[SourceVersionDate "2009.05.20"]
[SourceQuality "1"]
[WhiteTeam "Neuhausen"]
[BlackTeam "Untergrombach"]
[WhiteTeamCountry "GER"]
[BlackTeamCountry "GER"]

1. d4 g6 2. g3 Bg7 3. Bg2 c5 4. c3 Qa5 5. d5 d6 6. e4 b5 7. Ne2 Nd7 8. 0-0 Ngf6 9. Bf4 Ng4 10. h3 Nge5 11. Nd2 0-0 12. Qc2 Rb8 13. b3 Qa3 14. Nb1 Qa6 15. Nd2 Qa3 16. Nb1 Qa6 17. Nd2 1/2-1/2

[Event "BL2-Sued 0809"]
[Site "Germany"]
[Date "2009.03.01"]
[Round "7.1"]
[White "Kountz, Jochen"]
[Black "Chernov, Vadim A"]
[Result "1/2-1/2"]
[WhiteElo "2370"]
[BlackElo "2455"]
[PlyCount "74"]
[EventDate "2008.10.05"]
[EventType "team-tourn"]
[EventRounds "9"]
[EventCountry "GER"]
[SourceTitle "CBM 129 Extra"]
[Source "ChessBase"]
[SourceDate "2009.05.05"]
[SourceVersion "2"]
[SourceVersionDate "2009.05.20"]
[SourceQuality "1"]
[WhiteTeam "Untergrombach"]
[BlackTeam "Heidelberg Handschuhsheim"]
[WhiteTeamCountry "GER"]
[BlackTeamCountry "GER"]

1. e4 c5 2. Nf3 e6 3. Nc3 Nc6 4. d4 cxd4 5. Nxd4 Nf6 6. Ndb5 Bc5 7. Bf4 0-0 8. Bc7 Qe7 9. Bd6 Bxd6 10. Qxd6 Ne8 11. Qxe7 Nxe7 12. 0-0-0 f5 13. Nd6 Nxd6 14. Rxd6 fxe4 15. Nxe4 Nf5 16. Rd2 d5 17. Ng5 Nh4 18. g3 Nf3 19. Nxf3 Rxf3 20. c4 Rf7 21. f4 Rc7 22. Rc2 b6 23. Bg2 Bb7 24. cxd5 Rac8 25. Rxc7 Rxc7+ 26. Kd2 Bxd5 27. Bxd5 Rd7 28. Rc1 Rxd5+ 29. Ke3 Ra5 30. a3 Rb5 31. b4 a5 32. Rc4 axb4 33. axb4 Kf7 34. Ke4 Kf6 35. h4 h5 36. Rd4 g6 37. Rc4 Rd5 1/2-1/2

[Event "BL2-Sued 0809"]
[Site "Germany"]
[Date "2008.12.14"]
[Round "4.3"]
[White "Zueger, Beat"]
[Black "Kountz, Jochen"]
[Result "1-0"]
[WhiteElo "2400"]
[BlackElo "2370"]
[PlyCount "76"]
[EventDate "2008.10.05"]
[EventType "team-tourn"]
[EventRounds "9"]
[EventCountry "GER"]
[SourceTitle "CBM 129 Extra"]
[Source "ChessBase"]
[SourceDate "2009.05.05"]
[SourceVersion "2"]
[SourceVersionDate "2009.05.20"]
[SourceQuality "1"]
[WhiteTeam "Schwegenheim"]
[BlackTeam "Untergrombach"]
[WhiteTeamCountry "GER"]
[BlackTeamCountry "GER"]

1. c4 g6 2. g3 Bg7 3. Bg2 c5 4. e3 Nc6 5. Ne2 d6 6. Nbc3 Bg4 7. h3 Bd7 8. b3 Nf6 9. Bb2 0-0 10. d3 a6 11. Qd2 Rb8 12. 0-0 b5 13. Nd5 e6 14. Nxf6+ Bxf6 15. Bxf6 Qxf6 16. Nc3 Qe7 17. f4 f5 18. Rad1 h6 19. Rfe1 Kh7 20. d4 cxd4 21. exd4 bxc4 22. d5 Nd8 23. bxc4 e5 24. fxe5 dxe5 25. Qe3 Nf7 26. d6 Qg5 27. Qxg5 hxg5 28. c5 e4 29. Nd5 Ne5 30. Nb6 Bc6 31. d7 Rbd8 32. Rd6 Kg7 33. Re6 Nd3 34. Rxc6 Nxe1 35. Rd6 Rb8 36. Nc4 Nd3 37. c6 Ne5 38. Nxe5 Rb1+ 1-0

[Event "BL2-Sued 0708"]
[Site "Germany"]
[Date "2007.12.09"]
[Round "4.5"]
[White "Roos, Jean Luc"]
[Black "Kountz, Jochen"]
[Result "1/2-1/2"]
[WhiteElo "2324"]
[BlackElo "2378"]
[PlyCount "47"]
[EventDate "2007.10.21"]
[EventType "team-tourn"]
[EventRounds "9"]
[EventCountry "GER"]
[SourceTitle "EXT 2009"]
[Source "ChessBase"]
[SourceDate "2008.11.26"]
[SourceVersion "1"]
[SourceVersionDate "2008.11.26"]
[SourceQuality "1"]
[WhiteTeam "Heidelberg Handschuhsheim"]
[BlackTeam "Untergrombach"]
[WhiteTeamCountry "GER"]
[BlackTeamCountry "GER"]

1. d4 Nf6 2. Nf3 e6 3. g3 c5 4. Bg2 Nc6 5. 0-0 cxd4 6. Nxd4 Bc5 7. Nb3 Be7 8. c4 d5 9. cxd5 Nxd5 10. Bd2 e5 11. Nc3 Be6 12. Ne4 b6 13. Ng5 Bxg5 14. Bxg5 Qxg5 15. Bxd5 Bxd5 16. Qxd5 Qg6 17. Rac1 Rc8 18. f4 0-0 19. f5 Qf6 20. Qe4 Rfd8 21. Rc4 Ne7 22. Rxc8 Nxc8 23. Qb7 Qe7 24. Qc6 1/2-1/2